01271nam a2200337Ia 450000500170000000700030001700800410002002000180006104000350007904100080011408400110012210000420013324500640017525000220023926400600026130000430032133600270036433700330039133800280042449000310045252100610048365000500054465000500059465000290064465000310067365000300070470000360073494200150077099900150078595201330080020220317001549.0ta210824s2009 ck a br 000 j spa d a9789589782583 aCO-BoRNBPbspaerdacCO-BoRNBP0 aspa aC PEL61 aPellegrino, Mariana I.d1976-eautora13aLa recta y la curvac Mariana I. Pellegrino, Mariana Nemitz aPrimera edición 1aBogotábEdiciones Gato azul bCangrejo Editoresc2009 a[30] páginasbilustraciones c22 cm. atextobtxt2rdacontent asin mediaciónbn2rdamedia avolumenbnc2rdacarrier0 aQué bueno ser distintos! aRecomendado para un público infantil mayor de 6 años17aCuentos infantiles argentinosySiglo XX2LEMB17aLiteratura infantil argentinaySiglo XX2LEMB17aLíneas vCuento 2LEMB17aGeometríavCuento 2LEMB17aDiferenciasvCuento2LEMB1 aNemitz, Marianadautora9184015 2loccBKLIT c7381d7381 00102ddc40708INFaMECASARIbMECASARIcSInfd2023-05-11l0oCPEL6EJ.1pBM000092r2023-05-11 00:00:00tEj.1w2023-05-11yBKLIT